Spooky Scramble - Statistics

General Stats
  • This quiz has been taken 35 times
  • The average score is 12 of 14
Answer Stats
Hint Answer % Correct
lowenheal halloween
100%
mmmuy mummy
100%
rakd dark
97%
thgos ghost
97%
vpmarei vampire
97%
wihtc witch
97%
klabc tca black cat
94%
zame maze
94%
higtn night
94%
lrotl troll
94%
ulgho ghoul
91%
sipred spider
78%
soctmeu costume
59%
nuhtade haunted
50%
No matching quizzes found
Score Distribution
Percent of People with Each Score
Percentile by Number Answered
Your Score History
You have not taken this quiz